Statystyki dla Quiz o Niemczech

Kliknij tutaj aby rozwiązać quiz!

Ogólne statystyki

  • Ten quiz został rozwiązany 92 razy
    (91 od ostatniego zresetowania)
  • Średni wynik to 13 z 20

Statystyki odpowiedzi

PytanieOdpowiedź% Poprawnych
Jaka jest obecna stolica
Niemiec?
Berlin
97%
Jak nazywają się jednostki
podziału administracyjnego Niemiec?
(Czyli coś takiego jak polskie
województwa.)
Landy
86%
Największym lądowym sąsiadem
Niemiec (pod względem powierzchni) jest:
Francja
85%
Kto jest aktualnym kanclerzem
Niemiec?
Angela Merkel
81%
Jakie miasto jest na drugim miejscu pod
ludności w Niemczech?
Hamburg
80%
Jaka jest stolica jednostki administracyjnego - Bawarii?Monachium
78%
Jakie góry przechodzą na południu Niemiec?Alpy
77%
Liczba ludności (w milionach)83 mln
76%
Jaki jest najmniejszy pod względem powierzchni
lądowy sąsiad Niemiec?
Luksemburg
75%
Ile jest jednostek podziału administracyjnego
Niemiec?
16
73%
Co jest stolicą byłego
RFN?
Bonn
73%
Do jakiego morza Niemcy mają dostęp na północnym
- wschodzie?
Morze Bałtyckie
73%
Jaka jest najdłuższa rzeka w Niemczech?Dunaj
72%
Do jakiego morza Niemcy mają dostęp na północnym
- zachodzie?
Morze Północne
68%
Do jakiej organizacji międzynarodowej dołączyły Niemcy
w 1955?
NATO
68%
Jaka jest pełna nazwa Niemiec?Republika Federalna
Niemiec
62%
Jaka jest najwyższa góra w Niemczech?Zugspitze
34%
Kto jest aktualnym
prezydentem Niemiec?
Frank-Walter
Steinmeier
25%
Jaka jest obecna partia polityczna
rządząca w Niemczech?
CDU-CSU
16%
Jakie jest najgłębsze jezioro w Niemczech?Jezioro Bodeńskie
15%

Rozkład punktacji

Percentyl według liczby udzielonych odpowiedzi

Procent ludzi z każdym wynikiem

Twoja historia wyników

Nie rozwiązałeś tego quizu od ostatniego zresetowania